[Event "European Blitz-ch 2018"]
[Site "Skopje"]
[Date "2018.12.06"]
[Round "9"]
[White "Navara, David"]
[Black "Ruck, Robert"]
[Result "1-0"]
[WhiteElo "2736"]
[BlackElo "2512"]
[Annotator "TA"]
[PlyCount "87"]
[EventDate "2018.12.06"]
[EventType "swiss"]
[EventCountry "MKD"]

{[%evp 19,87,42,37,27,54,0,34,13,17,0,14,-11,-16,-8,9,4,9,4,12,4,20,19,19,0,0,-28,-22,-37,-37,-16,-7,-48,-45,-88,-38,-69,-47,-26,-39,-57,-39,-65,-12,-13,-12,-129,0,0,14,-80,30,16,29,12,43,41,40,16,13,2,0,6,7,0,20,16,16,29,26,10]} 1. e4 Nf6 2. e5 Nd5 3. d4 d6 4. Nf3 dxe5 5. Nxe5 c6 6. Be2 Bf5 {B04: Alekhine's Defence: 4 Nf3} 7. O-O (7. c3 Nd7 8. Nf3 e6 9. O-O Bd6 10. Re1 O-O 11. Nbd2 h6 12. Nc4 Bc7 13. a4 a5 14. Bd3 {1-0 (40) Vachier Lagrave,M (2779)-Dominguez Perez,L (2739) chess.com INT 2018}) 7... Nd7 8. Nf3 e6 9. c4 N5f6 10. Bf4 Be7 {LiveBook: 4 Games} 11. Re1 $146 ({Predecessor:} 11. Nc3 O-O 12. h3 Re8 13. a3 a6 14. Bd3 Bxd3 15. Qxd3 {1-0 (37) Gunina,V (2505)-Yuffa,D (2527) Cheliabinsk 2017}) 11... O-O 12. Nbd2 (12. Nc3 $14) 12... Ne4 13. Nb3 Bb4 14. Rf1 Bd6 15. Be3 Re8 16. Bd3 Bg6 17. Qc2 Nef6 18. Bxg6 hxg6 19. Rad1 Qc7 20. h3 e5 21. c5 Bf8 22. Qc1 Nd5 23. dxe5 Nxe5 24. Nxe5 Qxe5 25. Bd4 Qf5 26. Rfe1 Rad8 27. Kh2 Re6 28. Rxe6 Qxe6 29. Re1 Qd7 30. g3 Be7 ({Better is} 30... Qf5 $15) 31. Qc4 Bf6 32. Na5 (32. Bxf6 $11 gxf6 33. Qd4) 32... Qc7 (32... Nb6 $17 33. cxb6 Bxd4) 33. b4 $11 Qd7 34. a3 {[#]} (34. Re2 $11 {keeps the balance.}) 34... Qc7 ({Black should play} 34... Nb6 $1 $17 {[%cal Rb6c4]} 35. cxb6 Bxd4) 35. Bxf6 Nxf6 36. Kg2 Qd7 37. Re2 Rc8 38. Qf4 b6 39. cxb6 axb6 40. Nc4 c5 {[#] Strongly threatening ...cxb4.} 41. Qf3 Rb8 42. Ne5 Qa4 43. Nc6 Rf8 44. Ne7+ {[%mdl 32768] Accuracy: White = 28%, Black = 42%. . Loss on time!?} 1-0

[Event "European Blitz-ch 2018"]
[Site "Skopje"]
[Date "2018.12.06"]
[Round "9"]
[White "Artemiev, Vladislav"]
[Black "Ragger, Markus"]
[Result "1-0"]
[WhiteElo "2709"]
[BlackElo "2687"]
[Annotator "TA"]
[PlyCount "79"]
[EventDate "2018.12.06"]
[EventType "swiss"]
[EventCountry "MKD"]

{[%evp 18,78,15,8,58,27,72,72,65,47,55,48,58,8,108,91,109,55,49,0,0,-12,0,-8,0,-30,-7,-22,37,20,106,116,116,104,104,0,246,156,325,318,503,221,279,295,260,258,311,308,282,242,234,233,587,570,552,549,511,372,576,567,29998,29999,29999]} 1. e4 e5 2. Bc4 Nf6 3. d3 Nc6 4. Nc3 Bb4 5. Nge2 {[%cal Bg1e2,Be2g3,Bg3e4][%mdl 32]} d5 6. exd5 Nxd5 7. O-O Nxc3 8. bxc3 Bd6 {C28: Vienna Game: 2...Nf6 3 Bc4 Nc6} 9. Ng3 O-O 10. Qh5 {LiveBook: 4 Games} Qf6 {The position is equal.} (10... Na5 11. Bb3 Nxb3 12. axb3 g6 13. Qh6 f5 14. Bg5 Qd7 15. f4 b6 16. Rae1 exf4 17. Bxf4 {½-½ (27) Mitkov,N (2454)-Fedoseev,V (2724) chess.com INT 2018}) 11. Ne4 Qg6 12. Qxg6 hxg6 13. f4 Bf5 14. Bd5 $146 ({Predecessor:} 14. Nxd6 cxd6 15. fxe5 Nxe5 16. Bd5 {0-1 (55) Treybal,D (2250)-Tropp,F (2155) Slovakia 2000}) 14... Rad8 15. Rb1 exf4 (15... Be7 $1 $11 {remains equal.} 16. Bxc6 bxc6) 16. Rxb7 Na5 {[#] ...Bxe4 is the strong threat.} 17. Rb5 (17. Rxa7 Bxe4 18. Rxa5 Bxd5 $11) ({White should play} 17. Nxd6 $16 Rxd6 18. Rb5) 17... c6 $14 18. Nxd6 cxb5 19. Ba3 Be6 20. Bf3 Bd7 (20... Bxa2 $2 21. Ra1 $18) 21. Rb1 g5 22. Bc5 Kh7 (22... Bc6 $11) 23. Ne4 Kg6 (23... Rfe8 $11) 24. Bxf8 $16 (24. Bxa7 g4 $15) 24... Rxf8 25. Nc5 $36 {[%mdl 2048] Keeping Black busy.} Be8 26. Re1 (26. Kf2 $16) 26... f6 $2 (26... Bc6 $11) 27. Re7 {aiming for Ne6.} Bf7 $2 (27... Bc6 $16) 28. Rxa7 $18 Rc8 (28... g4 $142 29. Be4+ (29. Rxa5 gxf3 30. gxf3 Rb8 $18) 29... f5 30. Ra6+ (30. Rxa5 fxe4 31. Nxe4 Bd5 $18) 30... Kg5 31. Rxa5 fxe4 32. Nxe4+ (32. Rxb5 exd3 33. cxd3 Kh4 $18) 32... Kh6) 29. Nd7 (29. Ne4 $142) 29... Nc6 30. Bxc6 $1 {[%mdl 64] [#] Overworked Piece} Rxc6 {[%mdl 4096] Endgame KRB-KRN} 31. Nf8+ Kf5 32. Rxf7 Rxc3 33. Rxg7 Rxc2 {KRN-KR} 34. Rb7 Ke5 $2 (34... Rc1+ {is a better chance.} 35. Kf2 Rc2+ 36. Ke1 Ke5 37. Nd7+ Kd4 38. Nxf6 (38. Rxb5 Ke3 $11) 38... Rxg2 39. Rxb5 Kxd3) 35. Rxb5+ Kd4 36. h3 Ke3 37. Rb7 f3 (37... Rc1+ {might work better.} 38. Kh2 Rc2) 38. Re7+ Kf4 {Threatens to win with ...Kg3.} 39. Re4+ Kf5 40. g4# {Accuracy: White = 47%, Black = 24%.} 1-0

[Event "European Blitz-ch 2018"]
[Site "Skopje"]
[Date "2018.12.06"]
[Round "9"]
[White "Guseinov, Gadir"]
[Black "Demidov, Mikhail"]
[Result "0-1"]
[WhiteElo "2664"]
[BlackElo "2520"]
[Annotator "TA"]
[PlyCount "152"]
[EventDate "2018.12.06"]
[EventType "swiss"]
[EventCountry "MKD"]

{[%evp 18,152,50,43,62,34,44,31,47,0,14,-45,-58,-32,-45,-74,-67,-93,-62,-77,-23,-43,-40,-49,-47,-50,-50,-38,-18,-115,-116,-116,-116,-112,-116,-210,-197,-203,-202,-201,-194,-198,-203,-239,-239,-239,-228,-252,-239,-255,-239,-247,-227,-227,-210,-201,-183,-169,-169,-171,-154,-154,-154,-164,-164,-206,-198,-220,-220,-227,-220,-220,-220,-239,-239,-239,-206,-220,-206,-220,-220,-239,-220,-220,-220,-239,-239,-239,-198,-220,0,-206,0,-239,0,-198,-198,-239,-239,-239,-239,-358,-356,-396,-394,-394,-308,-392,-203,-520,-490,-535,-254,-254,-254,-254,-235,-238,-224,-412,-403,-429,-413,-390,-96,-96,0,-361,-327,-29964,-29965,-926,-919,-29976,-29977,-29994,-29995]} 1. e4 e6 2. d4 d5 3. Nd2 dxe4 4. Nxe4 Bd7 5. Nf3 Bc6 6. Bd3 Nd7 7. Qe2 Bxe4 8. Bxe4 c6 9. O-O Ngf6 10. Bd3 {LiveBook: 28 Games} g6 {C10: French with 3 Nc3: Unusual Black 3rd moves and 3...dxe4} (10... Bd6 11. c3 O-O 12. Bd2 Qc7 13. Rfe1 Bf4 14. Be3 Rfe8 15. g3 Bxe3 16. Qxe3 Rad8 17. Rad1 g6 18. Bc2 {0-1 (57) Najer,E (2663)-Jobava,B (2699) Sochi 2015}) 11. Ne5 $146 ({Predecessor:} 11. c3 Bg7 12. Bf4 O-O {½-½ (12) Lanzani,M (2370)-Sulava,N (2380) Celle Ligure 1997}) 11... Bg7 12. Bg5 O-O {White is slightly better.} 13. Qf3 Qb6 14. Nxd7 (14. Be3 $11) 14... Nxd7 $15 15. c3 Qxb2 16. Bc4 Qa3 17. Rab1 Nb6 (17... b5 {with more complications.} 18. Bb3 Rac8 19. Rfd1 Nb6 20. h4 a5) 18. Bb3 Qd6 ({Black should try} 18... h6 $17 19. Bc1 Qa5) 19. a4 Qd7 20. Rfd1 h6 21. Bc1 Nd5 22. a5 b6 23. Bxd5 (23. c4 $11 Ne7 24. Ba3) 23... cxd5 $17 24. axb6 {[#]} Rfb8 $1 25. h4 Rxb6 26. Ra1 (26. Rxb6 $17 axb6 27. Bf4) 26... a5 $19 27. c4 Rb4 28. cxd5 Qxd5 29. Qxd5 exd5 30. Be3 a4 31. Rd3 h5 32. Kh2 Bf8 33. Kg3 Rc4 34. Ra2 a3 35. Rb3 Bd6+ 36. Kf3 Rac8 37. Raxa3 Bxa3 38. Rxa3 {[%mdl 4096] Endgame KRR-KRB} Rc3 39. Ra5 Rd8 40. Kf4 Rc6 41. Kg3 Re6 42. Bf4 f6 43. Rc5 Rd7 44. Be3 Kf7 45. Kf3 Re4 46. g3 Re6 47. Ra5 Rc6 48. Rb5 Ke6 49. Ra5 Rg7 50. Ra8 Rd6 51. Rh8 Rgd7 52. Ra8 Kf7 53. Ra5 Rc6 54. Rb5 $1 Ke6 $2 (54... Ra6 $19 {And now ...Raa7 would win.} 55. Kf4 Ke6) 55. Rb8 $2 (55. Ra5 $1 $11 {and White is okay.}) 55... Kf7 56. Rb5 $1 Rc8 57. Ra5 Ke6 58. Rb5 Kf5 59. Ra5 (59. Rb6 {keeps fighting.}) 59... g5 60. hxg5 fxg5 {[%cal Bf6g5,Bg5g4][%mdl 32]} 61. Ra6 Rh8 62. Rb6 Rhh7 (62... g4+ $142 63. Ke2 Ra7) 63. Ra6 $2 (63. Rb8 {nothing else works.}) 63... g4+ 64. Kg2 h4 (64... Ra7 $142 65. Rd6 Ke4 66. Re6+ Kd3) 65. gxh4 Rxh4 66. Ra8 Rhh7 67. Rf8+ Rhf7 68. Rg8 $2 (68. Re8) 68... Rg7 69. Re8 Rde7 70. Rf8+ Ref7 $2 (70... Ke4 $19 {has better winning chances. White must now prevent ...g3!} 71. Kg3 Ref7 72. Re8+ Kd3) 71. Re8 $17 Re7 $2 {[%mdl 8192]} (71... Kg6 $17 72. Kg3 Rf3+ 73. Kxg4 Kf7+ 74. Kxf3 Kxe8) 72. Rf8+ $19 Ke4 73. Rf4+ $2 (73. Kg3 $19) 73... Kd3 74. Rf5 {[#]} g3 $1 75. Bg5 (75. fxg3 Rxe3) 75... gxf2 76. Rxd5 Ke2 {Accuracy: White = 27%, Black = 50%.} 0-1

[Event "European Blitz-ch 2018"]
[Site "Skopje"]
[Date "2018.12.06"]
[Round "9"]
[White "Anton Guijarro, David"]
[Black "Fridman, Daniel"]
[Result "1/2-1/2"]
[WhiteElo "2642"]
[BlackElo "2633"]
[PlyCount "117"]
[EventDate "2018.12.06"]
[EventType "swiss"]
[EventCountry "MKD"]

{[%evp 15,117,20,16,-20,-19,-17,-11,-25,-27,-39,-8,-12,0,-41,0,-57,-12,-5,-10,-45,20,20,19,20,34,28,24,20,31,33,22,23,68,47,100,32,154,154,150,139,137,123,367,368,368,332,360,343,418,411,395,388,394,385,573,583,609,575,975,918,791,616,602,579,1137,1099,29975,29976,29988,1970,1264,0,29988,29987,29987,29988,29988,29989,29991,29992,29992,29981,29981,29982,29982,29983,29983,29980,29980,29981,29981,29982,29980,29981,29984,29985,29982,0,0,0,0,0,0,0]} 1. Nf3 d5 2. b3 Bg4 3. e3 Nc6 4. Bb2 e5 5. h3 Bxf3 6. Qxf3 Nf6 7. Bb5 Bd6 8. c4 {A01: Nimzowitsch-Larsen Opening} (8. Bxc6+ bxc6 9. d3 O-O 10. Nd2 a5 11. a4 Re8 12. O-O Nd7 13. e4 Nb6 14. Rae1 Bb4 15. Re2 Bxd2 16. Rxd2 {1-0 (45) Svidler,P (2734)-Nielsen,P (2700) Copenhagen 2010}) 8... O-O $1 {LiveBook: 3 Games} 9. cxd5 Nb4 10. Qd1 Nbxd5 11. O-O c6 12. Be2 e4 $146 ({Predecessor:} 12... Nd7 13. d3 f5 14. Nd2 Rf6 15. e4 Nf4 16. exf5 {½-½ (24) Poloch,P (2291)-Biolek,R (2076) Imperia 2004}) 13. d3 Qe7 14. Qc1 Rad8 15. Rd1 (15. Nd2 $11) 15... Bb8 16. Nc3 exd3 (16... Qe5 $5 17. g3 $8 exd3 18. Bxd3 Nb4 $11) 17. Rxd3 Rfe8 (17... Nb4 $15 18. Rd1 Rxd1+ 19. Nxd1 Rd8) 18. Nxd5 $11 Nxd5 19. Bf3 Nb4 20. Rxd8 Rxd8 21. Qc3 {[%csl Gb2][%cal Rc3g7]} f6 22. Qc4+ Kh8 23. Bd4 Nd5 24. g3 Be5 (24... Nb6 $14 25. Qc5 Qxc5 26. Bxc5 g6) 25. Bxe5 (25. Bc5 $16 Qc7 26. Rd1) 25... fxe5 {[#]} (25... Nb6 $1 $14 26. Qc3 fxe5) 26. Rd1 $1 $16 Nf6 27. Rxd8+ Qxd8 28. Qc5 Qc7 $2 (28... Qb8 $16 29. Qb4 Nd5 30. Bxd5 cxd5) 29. Qf8+ $18 Ng8 30. Be2 {White threatens Bc4 and mate.} b5 31. Bg4 {Be6 would kill now.} Qe7 32. Qc8 {Threatens to win with Be6.} g6 33. Be6 {[%csl Ge6][%cal Rc8g8]} Qg7 34. Qxc6 Qf8 (34... b4 $142 35. Qb5 h5) 35. Qxb5 Nf6 36. Qxe5 Kg7 37. g4 h6 38. h4 Kh7 39. Qc7+ Kh8 40. Qxa7 Qd6 41. Qf7 Qe5 42. Bc4 (42. h5 $142 gxh5 43. Qf8+ {[%mdl 64] Double Attack} Kh7 44. Bf5+ Qxf5 45. gxf5 Ng8 46. e4 h4 47. e5) 42... Qd6 43. Be6 Qe5 44. a4 Qa1+ 45. Kg2 Qe5 46. a5 h5 47. g5 Qe4+ 48. Kg1 Qb1+ 49. Kh2 Ng4+ 50. Bxg4 hxg4 {[%mdl 4096] Endgame KQ-KQ} 51. Qe8+ Kh7 52. Qe7+ Kh8 53. Qd8+ Kh7 54. Qc7+ Kg8 55. a6 Qa2 56. a7 $2 (56. Qd8+ {mates} Kh7 57. Qd7+ Kg8 58. Qc8+ Kf7 59. Kg3 Qb1 60. Qb7+ Kf8 61. Kg2) 56... Qxf2+ $11 {[%mdl 64] [#] Double Attack. The position is equal.} 57. Kh1 Qf1+ 58. Kh2 Qf2+ 59. Kh1 {Accuracy: White = 69%, Black = 40%.} 1/2-1/2

[Event "European Blitz-ch 2018"]
[Site "Skopje"]
[Date "2018.12.06"]
[Round "9"]
[White "Lagarde, Maxime"]
[Black "Belyakov, Bogdan"]
[Result "1/2-1/2"]
[WhiteElo "2616"]
[BlackElo "2459"]
[Annotator "RC"]
[PlyCount "32"]
[EventDate "2018.12.06"]
[EventType "swiss"]
[EventCountry "MKD"]

{[%evp 11,32,-54,-33,-89,-83,-251,-239,-310,-307,-454,-465,-448,-452,-464,-455,-429,0,-424,0,-332,0,-297,0]} 1. e4 e5 2. Bc4 Nc6 3. d3 Nf6 {[%cal Bg8f6,Bf6e4,Be4c3][%mdl 32]} 4. Nc3 Na5 5. f4 Nxc4 6. dxc4 {C28: Vienna Game: 2...Nf6 3 Bc4 Nc6} Bb4 {LiveBook: 4 Games} 7. fxe5 ({Better is} 7. Qd3 $15) 7... Nxe4 $1 $17 8. Qg4 $2 {[#]} (8. Qf3 $17 d5 9. Nge2) 8... Nxc3 $19 9. a3 $146 ({Predecessor:} 9. Bd2 d6 10. Qxg7 Qh4+ 11. g3 Qe4+ 12. Kf1 Bh3+ 13. Nxh3 Qe2+ {0-1 (13) Caminade,C (2180)-Marciano,D (2345) Montpellier 1991}) 9... d5 10. Qxg7 (10. Qf3 {might work better.} Bc5 11. bxc3 Qh4+ 12. g3 Qxc4 13. Qd3) 10... Qh4+ 11. Kf1 Qxc4+ 12. Ke1 Qe4+ 13. Kf1 Qc4+ 14. Ke1 Qe4+ 15. Kf1 Qc4+ 16. Ke1 Qe4+ $2 (16... Bf8 $19 17. Qxh8 Qh4+ 18. Kf1 Qc4+ 19. Ke1 Bf5) 1/2-1/2

[Event "European Blitz-ch 2018"]
[Site "Skopje"]
[Date "2018.12.06"]
[Round "9"]
[White "Erdos, Viktor"]
[Black "Ozen, Bahadir"]
[Result "1/2-1/2"]
[WhiteElo "2605"]
[BlackElo "2349"]
[Annotator "RC"]
[PlyCount "83"]
[EventDate "2018.12.06"]
[EventType "swiss"]
[EventCountry "MKD"]

{[%evp 17,83,47,41,31,45,43,43,49,44,0,0,-12,-12,-15,-7,-37,0,0,0,0,0,0,0,0,0,-42,-41,-43,-43,-46,0,-58,-66,-71,-56,-56,-56,-56,-56,-72,-72,-75,-78,-83,-48,-319,-319,-303,-275,-233,-158,-138,-101,-224,-209,-190,-130,-135,-20,-99,-13,-64,0,-16,-16,-16,-16,-16]} 1. Nf3 d5 2. d4 Nf6 3. c4 e6 4. e3 c5 5. a3 Nc6 6. dxc5 {D30: Queen's Gambit Declined: Systems without Nc3} Bxc5 7. b4 Bd6 (7... Be7 8. Bb2 O-O 9. Nbd2 a5 10. b5 Nb8 11. g4 Nbd7 12. g5 Ne8 13. h4 Nc5 14. Qc2 b6 15. cxd5 Bb7 16. dxe6 fxe6 17. Rh3 Rc8 18. Rd1 Nd6 {1-0 (30) Carlsen,M (2834)-Olafsson,H (2508) chess.com INT 2018}) 8. Bb2 O-O 9. Nbd2 b6 {LiveBook: 3 Games} 10. Be2 Bb7 11. O-O a5 $146 ({Predecessor:} 11... Rc8 12. Rc1 Qe7 13. cxd5 Nxd5 {0-1 (43) Bolle,D (1381)-Garms,I (1491) Berlin 2015}) 12. b5 Ne7 13. Bxf6 (13. cxd5 $14 Nfxd5 14. Ne4) 13... gxf6 $11 14. cxd5 Nxd5 15. Qb3 Rc8 16. Nc4 Bc5 17. Rfd1 {Hoping for e4.} Qe7 18. Nd4 Rfd8 19. Bf3 f5 20. Rac1 Qf6 21. Nc6 Bxc6 22. bxc6 Rxc6 23. g3 Rc7 24. Bxd5 (24. Nb2 $11) 24... exd5 $15 25. Nd2 Rcd7 26. Nf3 d4 27. exd4 Bxd4 28. Kg2 Bc5 29. Rxd7 Rxd7 30. a4 Qe6 (30... Re7 {is interesting.} 31. Re1 Rxe1 32. Nxe1 Qe6 33. Qd1 Kg7) 31. Qc2 $2 {[%mdl 8192] [#]} (31. Qb5 $15) 31... Qe4 $1 $19 32. Qxe4 fxe4 {[%mdl 4096] Endgame KRB-KRN} 33. Ng5 f5 34. Ne6 Rd5 35. Rc2 {[#]} (35. Nxc5 $17 bxc5 36. Rb1) 35... Kf7 $1 {[%cal Rf7e6]} 36. Nxc5 Rxc5 {KR-KR} (36... bxc5 $19 37. f3 Ke6 38. fxe4 fxe4) 37. Rb2 Rc6 (37... Rc4 $17 38. Rxb6 Rxa4 39. Rb7+ Kg6 40. Rb6+ Kg5 41. h4+ Kg4) 38. Rb5 (38. h4 $11 {remains equal.}) 38... Kf6 (38... Rc4 $17 39. Rxf5+ Ke6) 39. h3 (39. h4 $11) 39... h5 ({Better is} 39... Kg7 $15) 40. g4 {The position is equal.} hxg4 41. hxg4 fxg4 42. Kg3 {Accuracy: White = 38%, Black = 44%.} 1/2-1/2

[Event "European Blitz-ch 2018"]
[Site "Skopje"]
[Date "2018.12.06"]
[Round "9"]
[White "Ivanisevic, Ivan"]
[Black "Tejedor Fuente, Enrique"]
[Result "1-0"]
[WhiteElo "2603"]
[BlackElo "2428"]
[Annotator "TA"]
[PlyCount "157"]
[EventDate "2018.12.06"]
[EventType "swiss"]
[EventCountry "MKD"]

{[%evp 9,156,44,38,37,23,0,16,18,47,44,61,43,33,33,82,82,100,97,97,92,84,78,77,5,30,14,40,29,64,59,50,58,56,70,81,70,73,51,141,140,153,152,147,114,192,187,254,249,270,241,239,177,176,175,260,70,64,0,260,265,330,330,321,328,460,460,454,452,462,452,442,445,628,621,1242,1154,1154,748,981,1234,1242,1242,1227,1227,1216,712,1216,1121,1541,1454,6061,4719,29965,29969,29975,29976,29978,29979,29978,29973,29977,29978,29976,29978,29977,29978,29982,29979,29978,29980,29980,29981,29982,29983,29983,29981,29981,29982,29984,29985,29985,29986,29986,29987,29988,29987,29987,29988,29990,29991,29991,29989,29989,29990,29990,29988,29988,29987,29987,29988,29988,29989,29992,29991,29996,29996,29996,29997,29999]} 1. d4 Nf6 2. Nf3 b6 3. Bg5 Ne4 4. Bh4 Bb7 5. e3 h6 (5... g6 6. Nbd2 Bg7 7. Nxe4 Bxe4 8. Bd3 Bb7 9. O-O O-O 10. c3 d6 11. e4 Nd7 12. Re1 Qe8 13. a4 a6 14. Qb3 e5 {1-0 (28) Korobov,A (2680)-Durarbayli,V (2590) Dubai 2014}) 6. Bd3 {A47: 1 d4 Nf6 2 Nf3 b6: Torre, London and Colle Systems} g5 7. Bg3 e6 8. Nbd2 {The position is equal.} Nxd2 9. Nxd2 $146 ({But not} 9. Qxd2 g4 $11) ({Predecessor:} 9. Qxd2 f5 10. O-O-O d6 11. d5 Bxd5 12. Bxf5 Qf6 13. Qd3 Nd7 14. Bg6+ {0-1 (38) Pribyl,J (1986)-Moravec,V (2131) Nachod 2013}) 9... d6 10. h4 Bxg2 11. Rh2 Bb7 12. hxg5 Qxg5 13. Ne4 $1 {[%cal Re4g5]} Bxe4 14. Bxe4 d5 15. Bf3 Bd6 16. Bxd6 ({White should try} 16. Rh5 $16 Qd8 17. c4 Bxg3 18. fxg3) 16... cxd6 $11 17. Rg2 Qh4 {[#]} 18. c4 $1 $36 {[%mdl 2560] White is pushing.} Qh1+ (18... dxc4 19. Bxa8) 19. Kd2 Qxd1+ 20. Rxd1 Nd7 21. cxd5 exd5 22. Bxd5 Rc8 23. Rg7 Rf8 (23... Nf6 $14 24. Bb3 (24. Bxf7+ Kf8 $17) 24... Ne4+ 25. Ke2 Ng5) 24. Rh1 Nf6 25. Bb3 $1 h5 26. f3 d5 (26... Ke7 $16) 27. Rg5 $18 Ke7 (27... Rh8 {keeps fighting.} 28. Rh4 (28. Bxd5 Nxd5 29. Rxd5 h4 $16) 28... Rh6) 28. Bxd5 Rg8 29. Rxg8 Rxg8 {[%mdl 4096] Endgame KRB-KRN} 30. Bb3 Rg2+ 31. Kd3 Rg3 {[#]} (31... Rf2 $142 32. Rh3 Ne8 33. Rxh5 Rxf3) 32. Ke2 $2 (32. Bd1 $1 $18) 32... Rg2+ $14 33. Kd3 $2 (33. Kd1 $14) 33... Rg3 $1 $18 {[#]} 34. Bd1 $1 Rg2 35. e4 {[%cal Be3e4,Be4e5][%mdl 32]} Rxb2 36. Bb3 Rf2 (36... Ne8 $142 37. Rxh5 Rf2) 37. Ke3 Rg2 38. e5 Ne8 39. Rxh5 Ng7 40. Rh7 b5 (40... f6 $142 41. f4 fxe5 42. fxe5 a5) 41. d5 {[%cal Bd4d5,Bd5d6][%mdl 32]} Kf8 42. Rh8+ Ke7 43. d6+ Kd7 44. Bxf7 Nf5+ 45. Kf4 Nxd6 46. exd6 Kxd6 {KRB-KR} 47. Rh6+ Kc5 48. Ra6 Rg7 49. Bb3 b4 50. Ke5 Kb5 51. Rd6 {White mates.} a5 52. Rd5+ Kb6 53. f4 Re7+ 54. Kd4 Re2 55. f5 a4 56. Bxa4 Rxa2 57. Bb3 Rf2 58. Ke3 Rf1 59. Ke4 Kc6 60. Rd3 Re1+ 61. Kf4 Rf1+ 62. Kg5 Rg1+ 63. Kf6 Kc5 64. Kf7 Rg2 65. f6 Rf2 66. Ke7 Re2+ 67. Kf8 Rh2 68. f7 Rf2 69. Ke7 Re2+ 70. Kf6 Rf2+ 71. Ke6 Kc6 72. Rd8 Re2+ 73. Kf6 Rf2+ 74. Kg5 Rg2+ 75. Kf4 Rb2 76. f8=Q Rxb3 77. Qd6+ Kb5 78. Qd5+ {[%mdl 64] Double Attack} Ka4 79. Ra8# {Accuracy: White = 72%, Black = 43%.} 1-0

[Event "European Blitz-ch 2018"]
[Site "Skopje"]
[Date "2018.12.06"]
[Round "9"]
[White "Banikas, Hristos"]
[Black "Stocek, Jiri"]
[Result "1-0"]
[WhiteElo "2601"]
[BlackElo "2576"]
[Annotator "TA"]
[PlyCount "59"]
[EventDate "2018.12.06"]
[EventType "swiss"]
[EventCountry "MKD"]

{[%evp 12,59,17,4,21,-47,-50,-73,0,0,20,33,55,5,18,6,72,89,96,38,154,144,175,176,179,78,83,76,97,90,100,89,110,73,89,67,153,153,152,159,160,170,157,158,182,111,118,88,135,134]} 1. d4 d6 2. c4 e5 3. Nf3 e4 4. Ng5 f5 5. Nc3 Be7 6. Nh3 c6 7. f3 {LiveBook: 19 Games} d5 $146 {A21: English Opening: 1...e5 2 Nc3} ({Predecessor:} 7... Nf6 8. Bg5 exf3 9. exf3 O-O 10. Be2 Na6 11. O-O Nc7 {½-½ (11) Anastasian,A (2578)-Minasian,A (2563) Yerevan 2011}) 8. Qb3 (8. e3 $11) 8... dxc4 $1 $15 9. Qxc4 exf3 (9... b5 $17 10. Qb3 Qxd4) 10. exf3 $11 Nd7 11. Qb3 Nb6 $1 12. Be3 (12. Bc4 $5 {[%cal Rc4g8]} Nf6 13. Bg5 $11) 12... Nf6 13. Nf4 Nbd5 (13... g5 $11 {keeps the balance.} 14. Ne6 {[%mdl 64] Double Attack} Qd6 15. Nxg5 Nfd5 16. Nxd5 Nxd5) 14. Ncxd5 $16 Nxd5 15. Nxd5 (15. Bc4 $1 $16) 15... Qxd5 (15... cxd5 $14 16. Bd3 O-O) 16. Bc4 Qa5+ 17. Bd2 Qb6 18. O-O-O (18. Qe3 $18) 18... Qxb3 19. Bxb3 Bd7 20. Rhe1 Kd8 21. d5 $36 {[%cal Bd4d5,Bd5d6][%mdl 2080] White is in control.} c5 22. d6 Bf6 23. Bc3 Rf8 {[#]} (23... Bxc3 $1 $14 24. bxc3 c4) 24. Bxf6+ $1 Rxf6 {[#]} 25. Re7 $1 {[%cal Re7g7]} Rxd6 26. Rxg7 ({And not} 26. Rxd6 Kxe7 27. Rd3 Re8 $17) 26... Rxd1+ 27. Kxd1 h5 28. Kc2 (28. Bc2 $18) 28... Rc8 {And now ...c4 would win.} 29. Bd5 Kc7 30. Be6 {Accuracy: White = 54%, Black = 39%.} 1-0

[Event "European Blitz-ch 2018"]
[Site "Skopje"]
[Date "2018.12.06"]
[Round "9"]
[White "Bartel, Mateusz"]
[Black "Pershin, Denis"]
[Result "0-1"]
[WhiteElo "2600"]
[BlackElo "2400"]
[Annotator "TA"]
[PlyCount "92"]
[EventDate "2018.12.06"]
[EventType "swiss"]
[EventCountry "MKD"]

{[%evp 13,92,-6,50,-26,-25,-27,-29,-25,-16,-34,-20,-18,-19,-97,-95,-80,-82,-131,-103,-100,-89,-100,-92,-100,-106,-115,0,-71,-80,-122,-23,-47,-43,-58,-43,-47,-42,-60,-10,-35,-10,-37,-25,-76,-76,-79,-75,-80,-80,-88,-88,-112,-113,-141,-139,-187,-191,-177,-140,-336,-267,-333,-329,-320,-315,-506,-519,-559,-499,-504,-499,-982,-812,-809,-779,-1269,-1232,-1191,-1086,-900,-858]} 1. e4 c6 2. d4 d5 3. e5 Bf5 4. Nf3 e6 5. Be2 c5 6. O-O Nc6 7. Be3 Qb6 {LiveBook: 18 Games} (7... cxd4 $11 8. Nxd4 (8. Bxd4 Nge7 $11) 8... Nge7) 8. dxc5 {B12: Caro-Kann: Advance Variation} (8. Nc3 $14) (8. Nc3 Rc8 9. dxc5 Qxb2 10. Nb5 Qxc2 11. Qe1 a6 12. Nbd4 Qe4 13. Nxc6 Rxc6 14. Qa5 Be7 15. Rab1 Bd8 16. Qa3 Qxb1 17. Rxb1 Bxb1 18. Nd4 Rc7 19. Qa4+ Kf8 20. c6 bxc6 21. Nxc6 Be7 22. Qb3 {1-0 (22) Nemeth,M (2470)-Volosin,V (2286) Ajka 2018}) 8... Bxc5 $11 9. Bxc5 Qxc5 10. c3 {Black has an edge.} Nge7 11. Nbd2 $146 ({Predecessor:} 11. Re1 O-O 12. Nbd2 Qb6 13. Nb3 Qc7 14. Bd3 Bxd3 15. Qxd3 Ng6 {½-½ (73) Ivanovic,M (1938)-Sieber,M (2087) Orlova 2017}) 11... O-O 12. Nb3 Qb6 13. Qd2 (13. Bd3 $11 {keeps the balance.}) 13... Be4 14. Ng5 Bg6 15. Qf4 h6 16. Nf3 Be4 17. Nfd2 Bh7 18. Bh5 Bg6 19. Bg4 Bh7 (19... a5 $17 {aiming for ...a4.} 20. a4 Bc2) 20. Rfe1 (20. Bh5 $11) 20... a5 $17 21. Qe3 Qc7 ({Better is} 21... Qxe3 $17 22. Rxe3 a4) 22. Nd4 Nxd4 23. Qxd4 Nc6 24. Qe3 Rfd8 25. Rac1 Qe7 26. f4 Rac8 (26... d4 $5 {[%cal Rd4e3]} 27. Qf2 dxc3 28. bxc3 Bd3 $11) 27. Nf3 Be4 28. Nd4 (28. Qe2 $11) 28... Nxd4 29. cxd4 Qb4 30. Qf2 Rc4 31. Rxc4 Qxc4 32. a3 Rc8 {[%cal Bd8c8,Bc8c1,Bc1d1,Bd1d2,Bd2f2][%mdl 32]} 33. h3 Qd3 34. Re2 Rc1+ 35. Kh2 Rd1 36. Re3 $2 {[#]} (36. f5 $17 Bxf5 37. Re3) 36... Rd2 37. Rxd3 Rxf2 $19 {[%mdl 4096] Endgame KRB-KRB} 38. Rg3 Rxb2 39. h4 $2 (39. Kg1) 39... b5 {Black is clearly winning.} 40. Bd1 b4 41. axb4 axb4 42. Kh3 (42. Ba4 $142 Ra2 43. Bb3) 42... Rd2 43. Bb3 Rd3 44. Rxd3 Bxd3 45. Kg3 Bc4 46. Bc2 Ba2 {Accuracy: White = 32%, Black = 71%.} 0-1